Badanie wpływu prędkości obrotowej miesiarki na jej moc napędu w trakcie miesienia ciasta żytniego = (Rekord nr 6491)
| 000 -ETYKIETA REKORDU | |
|---|---|
| podpole kontrolne o stałej długości | 01226nab a2200217 i 4500 |
| 001 - NUMER KONTROLNY REKORDU | |
| podpole kontrolne | BPP |
| 003 - IDENTYFIKATOR NUMERU KONTROLNEGO REKORDU | |
| podpole kontrolne | BPK |
| 005 - DATA OSTATNIEJ MODYFIKACJI REKORDU | |
| podpole kontrolne | 20160408143308.0 |
| 008 - POLE O STAŁEJ DŁUGOŚCI - DANE KONTROLNE | |
| podpole kontrolne o stałej długości | 140915s2012 pl n f |000 0pol |
| 040 ## - ŹRÓDŁO KATALOGOWANIA | |
| Instytucja, która utworzyła rekord | BPK |
| 080 ## - UNIWERSALNA KLASYFIKACJA DZIESIĘTNA - UKD | |
| UKD | 664.6 |
| 100 ## - NAZWA OSOBOWA | |
| Nazwa osobowa | DIAKUN, Jarosław. |
| Lata pracy | 1996 - . |
| Instytucja | Politechnika Koszalińska - Wydział Mechaniczny, |
| Wydział | Katedra Procesów i Urządzeń Przemysłu Spożywczego |
| 245 ## - TYTUŁ/ODPOWIEDZIALNOŚĆ | |
| Tytuł | Badanie wpływu prędkości obrotowej miesiarki na jej moc napędu w trakcie miesienia ciasta żytniego = |
| Ciąg dalszy tytułu | Study on the impact speed mixers on the mixer drive power during the kneading dough rye / |
| Pozostałe elementy strefy tytułu i oznaczenia odpowiedzialności | Katarzyna Szczepańska, Jarosław Diakun. |
| 260 ## - STREFA ADRESU WYDAWNICZEGO | |
| Data publikacji, dystrybucji/powstania dokumentu | 2012. |
| 500 ## - UWAGI OGÓLNE | |
| Tekst uwagi | Dane z autopsji. |
| 520 ## - UWAGA DOTYCZĄCA TREŚCI DOKUMENTU | |
| Analiza dokumentacyjna, adnotacja itp. | W pracy określono w jaki sposób prędkości obrotowe miesienia wpływają na pobór mocy miesiarki i jak zmienny czas miesienia wpływa na jakość gotowego pieczywa. |
| 650 #0 - HASŁO PRZEDMIOTOWE W FORMIE NAZWY OGÓLNEJ LUB JEDNOSTKOWEJ | |
| Nazwa ogólna lub geograficzna | Piekarstwo - urządzenia. |
| 700 ## - HASŁO DODATKOWE - NAZWA OSOBOWA | |
| Nazwa osobowa | SZCZEPAŃSKA, Katarzyna - doktorant. |
| Instytucja | Politechnika Koszalińska - Wydział Mechaniczny, |
| Wydział | Katedra Procesów i Urządzeń Przemysłu Spożywczego |
| 773 ## - TYTUŁ DOKUMENTU MACIERZYSTEGO | |
| Wyrażenie wprowadzające | W : |
| Tytuł | Inżynieria Przetwórstwa Spożywczego IPS = Polish Journal of Food Engineering. - |
| Informacje dotyczące relacji | 2012, nr 3, s. 33-35 |
| 942 ## - HASŁO DODATKOWE - ELEMENTY(KOHA) | |
| Typ dokumentu | Artykuł |
| Schemat klasyfikacji | Uniwersalna klasyfikacja dziesiętna |
| Wycofany | Zagubiony | Uszkodzony | Dostępność | Lokalizacja stała | Lokalizacja bieżąca | Sygnatura | Typ dokumentu |
|---|---|---|---|---|---|---|---|
| Dostępny | Bibliografia Prac Pracowników - BPK | Bibliografia Prac Pracowników - BPK | 01593 | Artykuł |
